00434nam a22001217a 450000500170000000800410001704000250005804100080008324500870009125700130017826401070019130000140029820170207170854.0170207b xxu||||| |||| 00| 0 spa d aCO-BoIAVHcCO-BoIAVH aspa0 aFundación ecológica de la propiedad en los resguardos indígenas de Colombia. aColombia aBogotá:bMinisterio de Ambiente, Vivienda y Desarrollo Territorial, bUniversidad del Rosario;cs.f. a1 CD-Rom